[Event "I. Sinus Accompanying Tournament"]
[Site "Budapest"]
[Date "2010.08.14"]
[Round "1"]
[White "Bubenko, Jozsef"]
[Black "Antal, Attila dr."]
[Result "1-0"]
[WhiteElo "2070"]
[BlackElo "2095"]
[PlyCount "83"]
[EventDate "2010.08.14"]
[EventType "tourn"]
[EventRounds "9"]
[EventCountry "HUN"]
[SourceDate "2010.08.14"]

1. d4 d5 2. c4 c6 3. Nf3 Nf6 4. e3 e6 5. Nc3 Nbd7 6. cxd5 exd5 7. Bd3 Bd6 8.
O-O O-O 9. Qc2 Re8 10. Rb1 Qe7 11. Nh4 g6 12. g3 Ne4 13. Bd2 f5 14. Rfc1 Ndf6
15. Be1 Bd7 16. b4 Rac8 17. Qb3 Nxc3 18. Rxc3 Ne4 19. Rc2 g5 20. Ng2 g4 21. b5
Ng5 22. Nh4 Qf7 23. Bf1 Ne4 24. Bb4 cxb5 25. Bxd6 Nxd6 26. Rxc8 Rxc8 27. Qa3
Ne4 28. Qxa7 Rc2 29. Bd3 Rd2 30. Bxb5 Nc3 31. Bxd7 Nxb1 32. Qb8+ Kg7 33. Nxf5+
Kf6 34. Qe5+ Kg6 35. Be8 Rd1+ 36. Kg2 Qxe8 37. Qxe8+ Kxf5 38. Qe5+ Kg6 39. Qxd5
h5 40. Qb3 Re1 41. Qd3+ Kf6 42. e4 1-0

[Event "I. Sinus Accompanying Tournament"]
[Site "Budapest"]
[Date "2010.08.14"]
[Round "1"]
[White "Gruz, Janos"]
[Black "Zoldy, Robert"]
[Result "1/2-1/2"]
[WhiteElo "1933"]
[BlackElo "1973"]
[PlyCount "37"]
[EventDate "2010.08.14"]
[EventType "tourn"]
[EventRounds "9"]
[EventCountry "HUN"]
[SourceDate "2010.08.14"]

1. Nf3 Nf6 2. g3 e6 3. Bg2 d5 4. d4 Be7 5. O-O O-O 6. b3 b6 7. Bb2 Bb7 8. Nbd2
Nbd7 9. Rc1 c5 10. c4 cxd4 11. Nxd4 Nc5 12. b4 Nce4 13. a3 Rc8 14. cxd5 Bxd5
15. Nxe4 Nxe4 16. Rxc8 Qxc8 17. Qd3 Qb7 18. Nf3 Bf6 19. Bxf6 1/2-1/2

[Event "I. Sinus Accompanying Tournament"]
[Site "Budapest"]
[Date "2010.08.14"]
[Round "1"]
[White "Horvath, Kalman"]
[Black "Vargyas, Zoltan"]
[Result "0-1"]
[WhiteElo "2002"]
[BlackElo "2174"]
[PlyCount "130"]
[EventDate "2010.08.14"]
[EventType "tourn"]
[EventRounds "9"]
[EventCountry "HUN"]
[SourceDate "2010.08.14"]

1. c4 c5 2. Nc3 Nf6 3. g3 d5 4. cxd5 Nxd5 5. Bg2 Nc7 6. f4 g6 7. Nh3 Bg7 8. Nf2
O-O 9. d3 Nd7 10. O-O Rb8 11. Qc2 b6 12. Bd2 Bb7 13. Rac1 Bxg2 14. Kxg2 Nf6 15.
a3 Qd7 16. b4 Ne6 17. bxc5 Nxc5 18. Qa2 Rfd8 19. Be3 Rbc8 20. Kg1 Ng4 21. Nxg4
Qxg4 22. Ne4 Nxe4 23. dxe4 Bd4 24. Bxd4 Rxd4 25. e5 Rxc1 26. Rxc1 Rxf4 27. Rc7
Rf5 28. Qb2 Qe4 29. Rc8+ Kg7 30. e6+ f6 31. Rc3 Qd4+ 32. Kg2 Rf2+ 33. Kh3 h5
34. Qb4 Qxb4 35. axb4 Rxe2 36. Rc7 Rxe6 37. Rxa7 Kf7 38. Rb7 f5 39. Kg2 Kf6 40.
h4 Ke5 41. Rd7 Ke4 42. Kf2 f4 43. gxf4 Kxf4 44. Rc7 Re4 45. b5 Re5 46. Rc6 Rxb5
47. Rxg6 Rb2+ 48. Kg1 e5 49. Rf6+ Kg3 50. Kf1 Kxh4 51. Re6 Rb5 52. Rg6 Rb4 53.
Kf2 b5 54. Re6 e4 55. Rg6 Rb3 56. Rg1 Rf3+ 57. Ke2 b4 58. Kd2 b3 59. Ke2 Rg3
60. Rf1 Kg4 61. Rf8 b2 62. Rb8 Kh3 63. Kf1 Rg2 64. Rb5 h4 65. Rb3+ Kh2 0-1

[Event "I. Sinus Accompanying Tournament"]
[Site "Budapest"]
[Date "2010.08.14"]
[Round "1"]
[White "Kormos, Adam"]
[Black "Szatmari, David"]
[Result "1-0"]
[WhiteElo "2219"]
[BlackElo "1911"]
[PlyCount "35"]
[EventDate "2010.08.14"]
[EventType "tourn"]
[EventRounds "9"]
[EventCountry "HUN"]
[SourceDate "2010.08.14"]

1. e4 c6 2. d4 d5 3. e5 Bf5 4. Nf3 e6 5. a3 Nd7 6. Be2 c5 7. c3 Qb6 8. Nbd2 Rc8
9. dxc5 Bxc5 10. O-O Qc7 11. b4 Bb6 12. c4 dxc4 13. Nxc4 Ne7 14. Nd6+ Kf8 15.
Nxc8 Qxc8 16. Bg5 Nd5 17. Rc1 Qb8 18. Qa4 1-0

[Event "I. Sinus Accompanying Tournament"]
[Site "Budapest"]
[Date "2010.08.14"]
[Round "1"]
[White "Yip, Michael"]
[Black "Kasparova, Tatiana"]
[Result "0-1"]
[WhiteElo "2058"]
[BlackElo "2167"]
[PlyCount "64"]
[EventDate "2010.08.14"]
[EventType "tourn"]
[EventRounds "9"]
[EventCountry "HUN"]
[SourceDate "2010.08.14"]

1. Nf3 Nf6 2. g3 d5 3. c4 e6 4. Bg2 Be7 5. O-O O-O 6. b3 d4 7. Bb2 c5 8. e3 Nc6
9. exd4 Nxd4 10. Re1 Rb8 11. Nxd4 cxd4 12. d3 Re8 13. Nd2 Bb4 14. a3 Bxd2 15.
Qxd2 e5 16. b4 Bf5 17. Rad1 Qd7 18. b5 Bh3 19. Bh1 Bg4 20. Rc1 Qf5 21. f3 Bh3
22. Bg2 Bxg2 23. Kxg2 b6 24. a4 Nd7 25. Ba3 Rbc8 26. Qe2 h5 27. Qe4 Qg5 28. Rc2
Nf6 29. Qe2 h4 30. Qd2 Qg6 31. Bd6 hxg3 32. Bxe5 gxh2+ 0-1

[Event "I. Sinus Accompanying Tournament"]
[Site "Budapest"]
[Date "2010.08.15"]
[Round "2"]
[White "Antal, Attila dr."]
[Black "Vargyas, Zoltan"]
[Result "1-0"]
[WhiteElo "2095"]
[BlackElo "2174"]
[PlyCount "83"]
[EventDate "2010.08.14"]
[EventType "tourn"]
[EventRounds "9"]
[EventCountry "HUN"]
[SourceDate "2010.08.14"]

1. e4 e6 2. d4 d5 3. e5 c5 4. c3 Nc6 5. Nf3 Bd7 6. a3 Rc8 7. Be3 Nge7 8. Bd3
Ng6 9. h4 c4 10. Bc2 Be7 11. h5 Nh4 12. Nxh4 Bxh4 13. Qg4 Be7 14. Qxg7 Rf8 15.
Bxh7 Qb6 16. Bc1 Kd8 17. Nd2 Kc7 18. h6 f6 19. exf6 Bxf6 20. Qg3+ e5 21. Nf3
Rce8 22. Bg6 Rg8 23. h7 Rxg6 24. Qxg6 exd4+ 25. Kf1 Bh8 26. Bf4+ Kc8 27. Re1
Rxe1+ 28. Nxe1 dxc3 29. Qg8+ Nd8 30. Qxh8 cxb2 31. Qe5 Be6 32. h8=Q b1=Q 33.
Qb8+ Kd7 34. Rh7+ Kc6 35. Qd6+ Kb5 36. Qe8+ Nc6 37. Qexe6 Qxh7 38. Qexd5+ Ka6
39. Qxc4+ Qb5 40. Qxb5+ Kxb5 41. Qd3+ Qxd3+ 42. Nxd3 1-0

[Event "I. Sinus Accompanying Tournament"]
[Site "Budapest"]
[Date "2010.08.15"]
[Round "2"]
[White "Bubenko, Jozsef"]
[Black "Kormos, Adam"]
[Result "0-1"]
[WhiteElo "2070"]
[BlackElo "2219"]
[PlyCount "80"]
[EventDate "2010.08.14"]
[EventType "tourn"]
[EventRounds "9"]
[EventCountry "HUN"]
[SourceDate "2010.08.14"]

1. d4 Nf6 2. Bf4 d5 3. e3 c5 4. Nf3 e6 5. c3 Nc6 6. Nbd2 Be7 7. h3 O-O 8. Bd3
c4 9. Bc2 b5 10. e4 b4 11. e5 Nd7 12. O-O bxc3 13. bxc3 Qa5 14. Nb1 Qb6 15. Bc1
Rb8 16. Re1 f6 17. Ng5 fxg5 18. Qh5 Rf5 19. Re3 g6 20. Qg4 Rf7 21. Nd2 h5 22.
Qg3 h4 23. Qg4 Ndxe5 24. dxe5 Rf4 25. Qe2 Kg7 26. Rb1 Qc7 27. g3 hxg3 28. fxg3
Bc5 29. Kh2 Bxe3 30. Qxe3 Rxb1 31. Bxb1 Rf8 32. Qxg5 Nxe5 33. Kg2 Nd3 34. Bxd3
cxd3 35. Nf3 Qf7 36. Bf4 d2 37. Nxd2 Qf5 38. Qh6+ Kg8 39. Nf3 Qh5 40. Qxh5 gxh5
0-1

[Event "I. Sinus Accompanying Tournament"]
[Site "Budapest"]
[Date "2010.08.15"]
[Round "2"]
[White "Kasparova, Tatiana"]
[Black "Gruz, Janos"]
[Result "1-0"]
[WhiteElo "2167"]
[BlackElo "1933"]
[PlyCount "79"]
[EventDate "2010.08.14"]
[EventType "tourn"]
[EventRounds "9"]
[EventCountry "HUN"]
[SourceDate "2010.08.14"]

1. e4 c5 2. Nf3 d6 3. d4 cxd4 4. Nxd4 Nf6 5. f3 e6 6. c4 Be7 7. Nc3 Nc6 8. Be3
Nxd4 9. Qxd4 O-O 10. Be2 Bd7 11. O-O Bc6 12. Rfd1 b6 13. Qd2 Rc8 14. Rac1 Qd7
15. b4 Qb7 16. a4 Rfd8 17. Qb2 Qb8 18. b5 Bb7 19. a5 Nd7 20. axb6 Nxb6 21. Qa2
Qc7 22. Na4 Ra8 23. Bf1 Nd7 24. Qf2 Nc5 25. Ra1 Rdc8 26. Nxc5 dxc5 27. Rd2 Qe5
28. Rda2 Qb8 29. Rd1 Qc7 30. Rad2 Bf8 31. Rd7 Qb6 32. Qg3 Rd8 33. Bg5 Rxd7 34.
Rxd7 Re8 35. Qc7 Bc8 36. Qxa7 Qxa7 37. Rxa7 Bd6 38. Be3 Kf8 39. b6 Re7 40. e5
1-0

[Event "I. Sinus Accompanying Tournament"]
[Site "Budapest"]
[Date "2010.08.15"]
[Round "2"]
[White "Szatmari, David"]
[Black "Yip, Michael"]
[Result "0-1"]
[WhiteElo "1911"]
[BlackElo "2058"]
[PlyCount "86"]
[EventDate "2010.08.14"]
[EventType "tourn"]
[EventRounds "9"]
[EventCountry "HUN"]
[SourceDate "2010.08.14"]

1. e4 e6 2. d4 d5 3. Nc3 dxe4 4. Nxe4 Nd7 5. Nf3 Ngf6 6. Nxf6+ Nxf6 7. Bg5 h6
8. Bh4 c5 9. Bxf6 gxf6 10. Qd2 cxd4 11. O-O-O Bc5 12. Qe2 Qc7 13. Nxd4 Bd7 14.
Qf3 Rc8 15. c3 f5 16. Bc4 Bxd4 17. Rxd4 Bc6 18. Qh5 Qe7 19. Re1 Qg5+ 20. Qxg5
hxg5 21. g4 f4 22. Re5 Rg8 23. Bb5 Ke7 24. Bxc6 Rxc6 25. Kd2 f6 26. Rb5 b6 27.
a4 Rh8 28. a5 Rxh2 29. axb6 axb6 30. Ke2 Rh4 31. Kf3 Rh3+ 32. Ke4 Rh2 33. Kf3
Rh3+ 34. Kg2 Rh4 35. f3 e5 36. Rdb4 Rd6 37. Rxb6 Rd2+ 38. Kg1 Kf7 39. Rb8 Rd1+
40. Kg2 Rdh1 41. R4b7+ Ke6 42. Rb6+ Kd5 43. Rb5+ Kc4 0-1

[Event "I. Sinus Accompanying Tournament"]
[Site "Budapest"]
[Date "2010.08.15"]
[Round "2"]
[White "Zoldy, Robert"]
[Black "Horvath, Kalman"]
[Result "1/2-1/2"]
[WhiteElo "1973"]
[BlackElo "2002"]
[PlyCount "139"]
[EventDate "2010.08.14"]
[EventType "tourn"]
[EventRounds "9"]
[EventCountry "HUN"]
[SourceDate "2010.08.14"]

1. e4 d5 2. exd5 Nf6 3. d4 Nxd5 4. Nf3 g6 5. Bc4 Bg7 6. O-O O-O 7. Bb3 Bg4 8.
c3 Nc6 9. h3 Bf5 10. Na3 Na5 11. Bc2 Bxc2 12. Qxc2 b6 13. c4 Nf6 14. Be3 Nb7
15. Rad1 Qc8 16. Rfe1 Nd6 17. Bd2 Re8 18. Qc1 h5 19. b3 Nh7 20. Bf4 a6 21. Nb1
Nf5 22. Bh2 Nf6 23. Ne5 Qb7 24. Nc3 e6 25. d5 exd5 26. Nxd5 Nxd5 27. Rxd5 Rad8
28. Rxd8 Rxd8 29. Qg5 Re8 30. Qd2 c5 31. Nf3 Qc6 32. Rxe8+ Qxe8 33. Bc7 b5 34.
cxb5 axb5 35. Qd8 Qxd8 36. Bxd8 c4 37. bxc4 bxc4 38. Kf1 Kf8 39. Ba5 Ke7 40.
Ke2 Kd6 41. Kd2 Kd5 42. Bc3 Bh6+ 43. Kc2 Nd6 44. Ne5 Bf4 45. Nf3 Ne4 46. Be1
Bc7 47. Nd2 Nc5 48. Nb1 Nd3 49. Kd1 Nf4 50. Nc3+ Kc6 51. Ne4 Nxg2 52. Ng5 f6
53. Ne6 Be5 54. Bd2 Kd5 55. Nf8 g5 56. Ng6 Bd4 57. Ke2 Ke4 58. a4 c3 59. Bc1
Bc5 60. a5 Kf5 61. Kf1 Nf4 62. Nxf4 gxf4 63. Ke2 Ke4 64. f3+ Kd4 65. Bxf4 Kc4
66. a6 Kb3 67. Kd3 Kb2 68. Ke4 c2 69. Kf5 Bd4 70. h4 1/2-1/2

[Event "I. Sinus Accompanying Tournament"]
[Site "Budapest"]
[Date "2010.08.16"]
[Round "3"]
[White "Gruz, Janos"]
[Black "Szatmari, David"]
[Result "1-0"]
[WhiteElo "1933"]
[BlackElo "1911"]
[PlyCount "101"]
[EventDate "2010.08.14"]
[EventType "tourn"]
[EventRounds "9"]
[EventCountry "HUN"]
[SourceDate "2010.08.14"]

1. Nf3 Nf6 2. g3 b6 3. Bg2 Bb7 4. O-O e6 5. d4 Be7 6. c4 O-O 7. Nc3 d5 8. cxd5
Nxd5 9. Bd2 Nd7 10. Rc1 N7f6 11. Nxd5 Bxd5 12. a3 Rc8 13. Qa4 Ne4 14. Be3 Bd6
15. b4 Qe7 16. Ne5 Nf6 17. Bxd5 Nxd5 18. Nc6 Qd7 19. Bd2 f5 20. Qb3 a6 21. Qd3
b5 22. e3 Nb6 23. Na5 Be7 24. Qb3 Kh8 25. Bc3 Bf6 26. Bb2 g5 27. Rfd1 Bg7 28.
Nb7 Nc4 29. Rxc4 bxc4 30. Qxc4 Qb5 31. Qxb5 axb5 32. Nc5 Rfe8 33. Nd3 Kg8 34.
Rc1 Kf7 35. Rc6 Red8 36. Kg2 Ke7 37. Rc5 c6 38. f4 gxf4 39. gxf4 Bf6 40. Rc2
Rg8+ 41. Kf3 Kd6 42. Nc5 Bd8 43. Nb7+ Ke7 44. Nc5 Bc7 45. Nd3 Bd6 46. Nf2 Rg7
47. d5 Rgg8 48. dxc6 Rc7 49. e4 fxe4+ 50. Nxe4 Rf8 51. Nxd6 1-0

[Event "I. Sinus Accompanying Tournament"]
[Site "Budapest"]
[Date "2010.08.16"]
[Round "3"]
[White "Horvath, Kalman"]
[Black "Kasparova, Tatiana"]
[Result "1/2-1/2"]
[WhiteElo "2002"]
[BlackElo "2167"]
[PlyCount "117"]
[EventDate "2010.08.14"]
[EventType "tourn"]
[EventRounds "9"]
[EventCountry "HUN"]
[SourceDate "2010.08.14"]

1. g3 g6 2. d4 Nf6 3. Bg2 c5 4. dxc5 Qa5+ 5. Nc3 Qxc5 6. e4 d6 7. Nge2 Bg7 8.
h3 O-O 9. Be3 Qc7 10. O-O Nc6 11. f4 Bd7 12. Kh2 Na5 13. Qd3 Nc4 14. Bc1 Rac8
15. Rb1 a6 16. b3 Na5 17. Bd2 b5 18. a3 Nb7 19. Qe3 Rfe8 20. e5 dxe5 21. fxe5
Nh5 22. Qf3 Nd8 23. Bf4 Bxe5 24. Nd5 Qb8 25. Bxe5 Qxe5 26. Nb4 a5 27. Nd3 Qd6
28. Rfc1 Ne6 29. Qe3 Nhg7 30. Qe5 Qb6 31. Nef4 Nxf4 32. Nxf4 Bf5 33. Nd5 Qc5
34. b4 axb4 35. axb4 Qd6 36. Qxd6 exd6 37. Nf6+ Kh8 38. Nxe8 Nxe8 39. Ra1 Nf6
40. Ra6 Kg7 41. Rxd6 Rc4 42. c3 Ne4 43. Rd4 Rxc3 44. Rxc3 Nxc3 45. Bf1 h5 46.
Kg2 Kf6 47. Rd6+ Ke5 48. Rb6 Bd7 49. Kh2 Kd5 50. Rb7 Kc6 51. Bg2+ Kd6 52. Ra7
Be6 53. Ra6+ Ke7 54. Ra7+ Kd6 55. Rb7 Bc4 56. Kg1 Na2 57. Bf1 Kc6 58. Bg2+ Kd6
59. Bf1 1/2-1/2

[Event "I. Sinus Accompanying Tournament"]
[Site "Budapest"]
[Date "2010.08.17"]
[Round "3"]
[White "Kormos, Adam"]
[Black "Antal, Attila dr."]
[Result "1-0"]
[WhiteElo "2219"]
[BlackElo "2095"]
[PlyCount "73"]
[EventDate "2010.08.14"]
[EventType "tourn"]
[EventRounds "9"]
[EventCountry "HUN"]
[SourceDate "2010.08.14"]

1. e4 e5 2. Nf3 Nc6 3. Bb5 a6 4. Ba4 Nf6 5. O-O Be7 6. Qe2 b5 7. Bb3 d6 8. a4
Bb7 9. c3 O-O 10. Rd1 Na5 11. Bc2 c5 12. d4 cxd4 13. cxd4 Qc7 14. d5 Rac8 15.
Ne1 bxa4 16. Rxa4 Nc4 17. Nd2 Nb6 18. Ra3 Nbd7 19. Nf1 Ra8 20. Bd2 Rfc8 21.
Rda1 Qb6 22. b4 Ne8 23. Bd3 f5 24. Bxa6 fxe4 25. Bxb7 Qxb7 26. Rxa8 Rxa8 27.
Rxa8 Qxa8 28. Ne3 Nef6 29. Qb5 Nf8 30. Qc6 Qxc6 31. dxc6 Ne6 32. b5 Bd8 33. Nc4
d5 34. Ba5 Bxa5 35. Nxa5 d4 36. b6 d3 37. Nc4 1-0

[Event "I. Sinus Accompanying Tournament"]
[Site "Budapest"]
[Date "2010.08.16"]
[Round "3"]
[White "Vargyas, Zoltan"]
[Black "Zoldy, Robert"]
[Result "1-0"]
[WhiteElo "2174"]
[BlackElo "1973"]
[PlyCount "85"]
[EventDate "2010.08.14"]
[EventType "tourn"]
[EventRounds "9"]
[EventCountry "HUN"]
[SourceDate "2010.08.14"]

1. c4 Nf6 2. Nc3 e6 3. e4 e5 4. Nf3 Nc6 5. d4 exd4 6. Nxd4 d6 7. Be2 Be7 8. Be3
O-O 9. g4 Kh8 10. g5 Ng8 11. h4 f6 12. f4 a6 13. Nxc6 bxc6 14. Qc2 Qd7 15.
O-O-O Bb7 16. c5 Rad8 17. Bc4 Qc8 18. Qb3 dxc5 19. Be6 Qa8 20. Rxd8 Bxd8 21.
Bxc5 Be7 22. Na4 Bc8 23. Rd1 Bxe6 24. Qxe6 Re8 25. Qd7 Bd6 26. Bxd6 cxd6 27.
Nb6 Rd8 28. Qc7 Qb8 29. Qxb8 Rxb8 30. Nc4 d5 31. exd5 cxd5 32. Rxd5 Rc8 33. b3
fxg5 34. hxg5 Ne7 35. Rd6 Ng6 36. f5 Ne5 37. Kb2 Nxc4+ 38. bxc4 h5 39. Kc3 a5
40. Kd4 Ra8 41. c5 Kg8 42. c6 Kf8 43. Kc5 1-0

[Event "I. Sinus Accompanying Tournament"]
[Site "Budapest"]
[Date "2010.08.16"]
[Round "3"]
[White "Yip, Michael"]
[Black "Bubenko, Jozsef"]
[Result "1-0"]
[WhiteElo "2058"]
[BlackElo "2070"]
[PlyCount "79"]
[EventDate "2010.08.14"]
[EventType "tourn"]
[EventRounds "9"]
[EventCountry "HUN"]
[SourceDate "2010.08.14"]

1. c4 e6 2. Nf3 d5 3. g3 Nf6 4. Bg2 Be7 5. O-O O-O 6. b3 c5 7. cxd5 exd5 8. d4
Nc6 9. Bb2 Ne4 10. Nbd2 Bf6 11. e3 Bg4 12. Qc2 Nb4 13. Qb1 Nxd2 14. Nxd2 Be2
15. dxc5 Bxf1 16. Nxf1 Rc8 17. Bxf6 Qxf6 18. a3 Nd3 19. Ra2 Nxc5 20. Bxd5 b6
21. Rd2 Ne6 22. Qd1 Nc7 23. a4 Nxd5 24. Rxd5 Qc3 25. Rd7 Rc7 26. Rd4 g6 27. Kg2
Rfc8 28. h4 Qc6+ 29. Kg1 Qe6 30. Kg2 Rc1 31. Qd2 R1c2 32. Qd1 h5 33. Nd2 Qc6+
34. Nf3 Qc3 35. Ng5 Qxb3 36. Rd7 Qxa4 37. e4 Qc6 38. Rxf7 Re8 39. Qd4 Qxe4+ 40.
Nxe4 1-0

[Event "I. Sinus Accompanying Tournament"]
[Site "Budapest"]
[Date "2010.08.17"]
[Round "4"]
[White "Antal, Attila dr."]
[Black "Zoldy, Robert"]
[Result "1-0"]
[WhiteElo "2095"]
[BlackElo "1973"]
[PlyCount "57"]
[EventDate "2010.08.14"]
[EventType "tourn"]
[EventRounds "9"]
[EventCountry "HUN"]
[SourceDate "2010.08.14"]

1. e4 c5 2. Nf3 Nc6 3. d4 cxd4 4. Nxd4 Nf6 5. Nc3 e5 6. Ndb5 d6 7. Bg5 a6 8.
Na3 b5 9. Bxf6 gxf6 10. Nd5 Bg7 11. Bd3 Be6 12. O-O O-O 13. Qh5 Ne7 14. Nxe7+
Qxe7 15. c3 Qd7 16. Nc2 Bg4 17. Qh4 f5 18. f3 fxe4 19. Bxe4 Bf5 20. Bxa8 Rxa8
21. Ne3 Be6 22. Ng4 Kh8 23. Nf6 Bxf6 24. Qxf6+ Kg8 25. f4 e4 26. f5 Bc4 27. Rf4
Rd8 28. Rg4+ Kf8 29. Qh8+ 1-0

[Event "I. Sinus Accompanying Tournament"]
[Site "Budapest"]
[Date "2010.08.17"]
[Round "4"]
[White "Bubenko, Jozsef"]
[Black "Gruz, Janos"]
[Result "1/2-1/2"]
[WhiteElo "2070"]
[BlackElo "1933"]
[PlyCount "27"]
[EventDate "2010.08.14"]
[EventType "tourn"]
[EventRounds "9"]
[EventCountry "HUN"]
[SourceDate "2010.08.14"]

1. d4 d5 2. c4 e6 3. Nc3 f5 4. g3 c6 5. Nf3 Nf6 6. Bg2 Bd6 7. O-O O-O 8. Qb3
Qb6 9. c5 Qxb3 10. axb3 Bc7 11. Bf4 Bxf4 12. gxf4 Na6 13. Ne5 Bd7 14. e3
1/2-1/2

[Event "I. Sinus Accompanying Tournament"]
[Site "Budapest"]
[Date "2010.08.17"]
[Round "4"]
[White "Kasparova, Tatiana"]
[Black "Vargyas, Zoltan"]
[Result "1-0"]
[WhiteElo "2167"]
[BlackElo "2174"]
[PlyCount "103"]
[EventDate "2010.08.14"]
[EventType "tourn"]
[EventRounds "9"]
[EventCountry "HUN"]
[SourceDate "2010.08.14"]

1. e4 c5 2. Nf3 d6 3. d4 cxd4 4. Nxd4 Nf6 5. f3 e5 6. Nb3 Be7 7. c4 a5 8. Be3
a4 9. N3d2 Qa5 10. Nc3 a3 11. Qc1 Nc6 12. b3 O-O 13. Bd3 Bd8 14. O-O Bb6 15.
Bf2 Nh5 16. Nd5 Bxf2+ 17. Rxf2 Qc5 18. Qc3 Nf4 19. Rc1 Nd4 20. Nxf4 exf4 21. b4
Qe5 22. Nb1 Be6 23. Nxa3 Rfc8 24. Bf1 Ra4 25. Nb1 b5 26. Rd2 Nc6 27. cxb5 Qxc3
28. Rxc3 Rxb4 29. Na3 Na7 30. Rxd6 Kf8 31. Rxc8+ Nxc8 32. Rc6 Ke7 33. Bc4 Bd7
34. Rc5 Nb6 35. Bb3 Na4 36. Rc4 Rxc4 37. Bxc4 f6 38. Bb3 Nc3 39. b6 Kd6 40. Kf1
Kc6 41. Nc4 Bc8 42. Ke1 Ba6 43. Kd2 Nb5 44. Ba4 Kc5 45. Bxb5 Kxb5 46. Kc3 Kc5
47. a4 g5 48. a5 h5 49. Nd2 Kb5 50. Nb3 Kc6 51. Kd4 Bf1 52. Nc5 1-0

[Event "I. Sinus Accompanying Tournament"]
[Site "Budapest"]
[Date "2010.08.17"]
[Round "4"]
[White "Kormos, Adam"]
[Black "Yip, Michael"]
[Result "1-0"]
[WhiteElo "2219"]
[BlackElo "2058"]
[PlyCount "117"]
[EventDate "2010.08.14"]
[EventType "tourn"]
[EventRounds "9"]
[EventCountry "HUN"]
[SourceDate "2010.08.14"]

1. e4 e6 2. d4 d5 3. Nc3 dxe4 4. Nxe4 Nd7 5. Nf3 Ngf6 6. Nxf6+ Nxf6 7. c3 c5 8.
Ne5 a6 9. Bg5 Qc7 10. Qa4+ Bd7 11. Nxd7 Qxd7 12. Qxd7+ Nxd7 13. Be3 Bd6 14. Rd1
Ke7 15. Be2 cxd4 16. Bxd4 e5 17. Be3 Rac8 18. Bf3 Rc7 19. Kd2 Bc5 20. Rhe1
Bxe3+ 21. Rxe3 f6 22. Kc2 Nc5 23. Bd5 g5 24. c4 a5 25. Rb1 Ra8 26. h4 h6 27.
hxg5 hxg5 28. Rh3 Rf8 29. Rd1 Ke8 30. Re3 b6 31. Rh3 Rg7 32. a3 a4 33. Kc3 Kd7
34. Rdh1 Re7 35. Rh7 Rfe8 36. Rxe7+ Kxe7 37. Rh7+ Kd6 38. Rf7 Nd7 39. Kb4 Rb8
40. Kb5 Rc8 41. Kxa4 b5+ 42. Kb4 bxc4 43. Bxc4 Rb8+ 44. Bb5 Nc5 45. Rxf6+ Kd5
46. a4 Ne4 47. Rg6 Nxf2 48. Rxg5 Kd4 49. Rg7 e4 50. Rd7+ Ke3 51. Kc3 Rc8+ 52.
Bc4 Ng4 53. b3 Kf2 54. Re7 e3 55. a5 Kxg2 56. a6 Nf6 57. Rxe3 Nd5+ 58. Kd4 Nxe3
59. Kxe3 1-0

[Event "I. Sinus Accompanying Tournament"]
[Site "Budapest"]
[Date "2010.08.17"]
[Round "4"]
[White "Szatmari, David"]
[Black "Horvath, Kalman"]
[Result "1-0"]
[WhiteElo "1911"]
[BlackElo "2002"]
[PlyCount "71"]
[EventDate "2010.08.14"]
[EventType "tourn"]
[EventRounds "9"]
[EventCountry "HUN"]
[SourceDate "2010.08.14"]

1. e4 g6 2. d4 Bg7 3. Nc3 c6 4. Bc4 e6 5. Nf3 d5 6. Bb3 dxe4 7. Nxe4 Nf6 8. Bg5
h6 9. Bxf6 Bxf6 10. Nxf6+ Qxf6 11. Qd2 Nd7 12. O-O-O b6 13. Rhe1 Kf8 14. Re4
Bb7 15. Rde1 g5 16. h4 Rd8 17. hxg5 hxg5 18. Nxg5 Nc5 19. Rf4 Nxb3+ 20. axb3
Qxg5 21. Rxf7+ Kxf7 22. Qxg5 Rd5 23. Qf4+ Ke7 24. Qc7+ Rd7 25. Rxe6+ Kxe6 26.
Qe5+ Kf7 27. Qxh8 c5 28. dxc5 bxc5 29. Qh5+ Ke6 30. Qxc5 Bxg2 31. Qe3+ Kf7 32.
Qf4+ Ke8 33. Qe5+ Re7 34. Qb5+ Kf8 35. c4 Bb7 36. c5 1-0

[Event "I. Sinus Accompanying Tournament"]
[Site "Budapest"]
[Date "2010.08.18"]
[Round "5"]
[White "Gruz, Janos"]
[Black "Kormos, Adam"]
[Result "1/2-1/2"]
[WhiteElo "1933"]
[BlackElo "2219"]
[PlyCount "120"]
[EventDate "2010.08.14"]
[EventType "tourn"]
[EventRounds "9"]
[EventCountry "HUN"]
[SourceDate "2010.08.14"]

1. c4 Nf6 2. Nc3 d5 3. cxd5 Nxd5 4. e4 Nxc3 5. dxc3 Qxd1+ 6. Kxd1 g6 7. Be3 Bg7
8. Bc4 b6 9. Ne2 Bb7 10. f3 Nc6 11. Kc2 Ne5 12. Bb3 a5 13. a4 Ba6 14. Nd4 Bd3+
15. Kc1 Bc4 16. Kc2 O-O-O 17. Rad1 Rd7 18. Bxc4 Nxc4 19. Bc1 Rhd8 20. Ne2 e5
21. Rxd7 Rxd7 22. Rd1 f5 23. exf5 gxf5 24. Rxd7 Kxd7 25. Kd3 Nd6 26. Ng3 Ke6
27. c4 Nb7 28. b3 Nc5+ 29. Kc2 Bf8 30. Ne2 Na6 31. Be3 Bc5 32. Bxc5 Nxc5 33.
Kc3 h5 34. g3 Kf6 35. h4 Ke6 36. Kc2 Kd6 37. Kc3 Ne6 38. Kd3 Kc5 39. Kc3 c6 40.
Nc1 Nd4 41. Nd3+ Kd6 42. f4 Ne2+ 43. Kd2 Nxg3 44. Nxe5 Kc5 45. Nd7+ Kd4 46.
Nxb6 Ke4 47. b4 Kxf4 48. bxa5 Ne4+ 49. Ke1 Nc5 50. Nc8 Ke3 51. Ne7 f4 52. Nf5+
Kf3 53. Nd4+ Kg3 54. Ne2+ Kg4 55. Kf1 Na6 56. Kf2 c5 57. Nc3 Kxh4 58. Kf3 Kg5
59. Ne2 Kf5 60. Nxf4 Ke5 1/2-1/2

[Event "I. Sinus Accompanying Tournament"]
[Site "Budapest"]
[Date "2010.08.18"]
[Round "5"]
[White "Vargyas, Zoltan"]
[Black "Szatmari, David"]
[Result "1-0"]
[WhiteElo "2174"]
[BlackElo "1911"]
[PlyCount "45"]
[EventDate "2010.08.14"]
[EventType "tourn"]
[EventRounds "9"]
[EventCountry "HUN"]
[SourceDate "2010.08.14"]

1. Nf3 Nf6 2. c4 e6 3. g3 b6 4. Bg2 Bb7 5. O-O c5 6. Nc3 d5 7. d4 dxc4 8. Qa4+
Nbd7 9. Bg5 Be7 10. dxc5 bxc5 11. Bxf6 Bxf6 12. Rfd1 Qc8 13. Ne1 Bxg2 14. Nxg2
Rb8 15. Ne4 Be7 16. Rd2 Rb4 17. Qxa7 Qc6 18. Rad1 Nb8 19. Nd6+ Kf8 20. Nf5 exf5
21. Rd8+ Bxd8 22. Rxd8+ Qe8 23. Qxc5+ 1-0

[Event "I. Sinus Accompanying Tournament"]
[Site "Budapest"]
[Date "2010.08.18"]
[Round "5"]
[White "Yip, Michael"]
[Black "Antal, Attila dr."]
[Result "1-0"]
[WhiteElo "2058"]
[BlackElo "2095"]
[PlyCount "95"]
[EventDate "2010.08.14"]
[EventType "tourn"]
[EventRounds "9"]
[EventCountry "HUN"]
[SourceDate "2010.08.14"]

1. Nf3 d5 2. g3 Nf6 3. Bg2 Bf5 4. c4 c6 5. Qb3 Qb6 6. Qxb6 axb6 7. cxd5 Nxd5 8.
Nc3 Nxc3 9. dxc3 Nd7 10. Be3 e5 11. O-O f6 12. Nd2 Be6 13. a3 Bc5 14. Bxc5 Nxc5
15. Rac1 Ke7 16. c4 Rhd8 17. Rfd1 Rxd2 18. Rxd2 Nb3 19. Rdc2 Nxc1 20. Rxc1 Ra4
21. c5 bxc5 22. Rxc5 Rd4 23. Bf1 Rd1 24. Kg2 Rd2 25. b4 Bd5+ 26. f3 b5 27. Kf2
Kd6 28. Rc3 Bc4 29. Re3 Kd5 30. f4 Rb2 31. fxe5 fxe5 32. Bg2+ Kd6 33. Be4 h6
34. Bf3 Rb3 35. Rxb3 Bxb3 36. Ke3 Bd5 37. Be4 Bxe4 38. Kxe4 Ke6 39. g4 g6 40.
Kd3 Kd5 41. Ke3 e4 42. Kf4 Kd4 43. h4 h5 44. e3+ Kc3 45. gxh5 gxh5 46. Kxe4 Kb3
47. Kd4 Kxa3 48. Kc5 1-0